Descrizione dell'apparato funebre per le esequie celebrate dalla nazione spagnuola nella sua Chiesa di S. Giacomo in Roma alla memoria di Carlo III / presso las. Sede. D. Giuseppe Nicola de Azara

Detalles Bibliográficos
Autor principal: Azara, Guiseppe Niccola de (1730-1803)
Formato: Libro
Lenguaje:Undetermined
Italian
Publicado: in Roma : presso Marco Pagliarini, 1789.
Materias:
Colección:Banco de datos
Acervo:Biblioteca Palafoxiana. Colección bibliográfica
Descripción Física:XXIV, 11 p. : il. ; f°
Tema general:Historia civil
Notas:Incluye ilustraciones en grabado calcográfico. Sello en tinta: Biblioteca Pública Palafoxiana. Número de localización: 23487
LEADER 00790nam a2200169Ia 4500
008 150723s9999 xx 000 0 und d
041 0 |a ita 
050 0 |a PAFX D20 A9 
100 1 |a Azara, Guiseppe Niccola de (1730-1803) 
245 1 0 |a Descrizione dell'apparato funebre per le esequie celebrate dalla nazione spagnuola nella sua Chiesa di S. Giacomo in Roma alla memoria di Carlo III / presso las. Sede. D. Giuseppe Nicola de Azara 
260 |a in Roma : presso Marco Pagliarini, 1789. 
300 |a XXIV, 11 p. : il. ; f° 
500 |a Incluye ilustraciones en grabado calcográfico. Sello en tinta: Biblioteca Pública Palafoxiana. Número de localización: 23487 
650 1 0 |a Historia civil 
942 |c PALALIB 
943 |g Biblioteca Palafoxiana. Colección bibliográfica 
999 |c 1051262  |d 1051262